Normal view
MARC view
Entry Topical Term
001 - CONTROL NUMBER
- control field: 6467
003 - CONTROL NUMBER IDENTIFIER
- control field: OSt
005 - DATE AND TIME OF LATEST TRANSACTION
- control field: 20151203123746.0
008 - FIXED-LENGTH DATA ELEMENTS
- fixed length control field: 151203|| aca||aabn | a|a d
040 ## - CATALOGING SOURCE
- Original cataloging agency: OSt
- Transcribing agency: OSt
150 ## - HEADING--TOPICAL TERM
- Topical term or geographic name entry element: Development In Planning school.
670 ## - SOURCE DATA FOUND
- Source citation: Work cat.: (OSt): Skelton ,Martin;Reeves,Graham;Playfoot,David; 6450, Development Planning for primary School., 1991.
